[Event "April 9 Late 2024"]
[Site "Chess.com"]
[Date "2024.04.09"]
[Round "8"]
[White "Kovalevsky, Stanislav"]
[Black "Golubev, Mikhail"]
[Result "0-1"]
[Board "71"]
[WhiteFideId "13508598"]
[BlackFideId "14100983"]
[WhiteTitle "FM"]
[BlackTitle "GM"]
[WhiteElo "2468"]
[BlackElo "2597"]
[WhiteTeam "FID"]
[BlackTeam "UKR"]
[WhiteClock "0:00:05"]
[BlackClock "0:00:18"]
[Variant "Standard"]

1. c4 {[%clk 0:02:44]}  g6 {[%clk 0:02:59]} 2. Nc3 {[%clk 0:02:45]}  Bg7 {[%clk 0:02:59]} 3. g3 {[%clk 0:02:45]}  e5 {[%clk 0:03:00]} 4. Bg2 {[%clk 0:02:46]}  Nc6 {[%clk 0:03:00]} 5. e4 {[%clk 0:02:46]}  Nd4 {[%clk 0:02:58]} 6. Nge2 {[%clk 0:02:45]}  Nxe2 {[%clk 0:02:58]} 7. Qxe2 {[%clk 0:02:44]}  Ne7 {[%clk 0:02:58]} 8. h4 {[%clk 0:02:43]}  h6 {[%clk 0:02:54]} 9. d3 {[%clk 0:02:40]}  d6 {[%clk 0:02:50]} 10. g4 {[%clk 0:02:38]}  Nc6 {[%clk 0:02:48]} 11. Be3 {[%clk 0:02:34]}  Nd4 {[%clk 0:02:42]} 12. Bxd4 {[%clk 0:02:31]}  exd4 {[%clk 0:02:42]} 13. Nd5 {[%clk 0:02:29]}  c6 {[%clk 0:02:35]} 14. Nf4 {[%clk 0:02:29]}  Qa5+ {[%clk 0:02:30]} 15. Kf1 {[%clk 0:02:25]}  Be5 {[%clk 0:02:19]} 16. Nh3 {[%clk 0:02:15]}  h5 {[%clk 0:02:18]} 17. g5 {[%clk 0:01:57]}  O-O {[%clk 0:02:17]} 18. a3 {[%clk 0:01:31]}  f5 {[%clk 0:02:11]} 19. b4 {[%clk 0:01:14]}  Qc7 {[%clk 0:02:02]} 20. Kg1 {[%clk 0:01:03]}  fxe4 {[%clk 0:01:44]} 21. Bxe4 {[%clk 0:01:02]}  Kg7 {[%clk 0:01:43]} 22. f4 {[%clk 0:00:49]}  Bxf4 {[%clk 0:01:32]} 23. Rf1 {[%clk 0:00:32]}  Be3+ {[%clk 0:01:18]} 24. Kg2 {[%clk 0:00:32]}  Bg4 {[%clk 0:01:16]} 25. Bf3 {[%clk 0:00:31]}  Bf5 {[%clk 0:01:01]} 26. Bxh5 {[%clk 0:00:23]}  Bxh3+ {[%clk 0:00:57]} 27. Rxh3 {[%clk 0:00:20]}  Rxf1 {[%clk 0:00:55]} 28. Kxf1 {[%clk 0:00:20]}  gxh5 {[%clk 0:00:52]} 29. Qxh5 {[%clk 0:00:19]}  Qf7+ {[%clk 0:00:50]} 30. Qxf7+ {[%clk 0:00:19]}  Kxf7 {[%clk 0:00:51]} 31. h5 {[%clk 0:00:19]}  Bxg5 {[%clk 0:00:50]} 32. Rg3 {[%clk 0:00:18]}  Be3 {[%clk 0:00:47]} 33. Ke2 {[%clk 0:00:17]}  Rg8 {[%clk 0:00:46]} 34. Rh3 {[%clk 0:00:15]}  Rg2+ {[%clk 0:00:40]} 35. Kf3 {[%clk 0:00:15]}  Rf2+ {[%clk 0:00:40]} 36. Kg4 {[%clk 0:00:15]}  Kg7 {[%clk 0:00:34]} 37. a4 {[%clk 0:00:12]}  Kh6 {[%clk 0:00:31]} 38. b5 {[%clk 0:00:12]}  Rf4+ {[%clk 0:00:27]} 39. Kg3 {[%clk 0:00:11]}  Rf5 {[%clk 0:00:25]} 40. Rh1 {[%clk 0:00:11]}  Rg5+ {[%clk 0:00:20]} 41. Kf3 {[%clk 0:00:10]}  Rxh5 {[%clk 0:00:20]} 42. Rb1 {[%clk 0:00:09]}  c5 {[%clk 0:00:19]} 43. a5 {[%clk 0:00:07]}  Kg6 {[%clk 0:00:19]} 44. Ke4 {[%clk 0:00:07]}  Kf6 {[%clk 0:00:17]} 45. Rf1+ {[%clk 0:00:05]}  Ke6 {[%clk 0:00:18]} 46. Rf8 {[%clk 0:00:06]}  Re5+ {[%clk 0:00:17]} 47. Kf3 {[%clk 0:00:05]}  Rf5+ {[%clk 0:00:17]} 48. Rxf5 {[%clk 0:00:06]}  Kxf5 {[%clk 0:00:18]} 49. b6 {[%clk 0:00:06]}  a6 {[%clk 0:00:18]} 50. Kg3 {[%clk 0:00:06]}  Ke5 {[%clk 0:00:18]} 51. Kf3 {[%clk 0:00:07]}  d5 {[%clk 0:00:18]} 52. cxd5 {[%clk 0:00:05]}  Kxd5 {[%clk 0:00:18]} 0-1

[Event "April 9 Late 2024"]
[Site "Chess.com"]
[Date "2024.04.09"]
[Round "8"]
[White "Yagupov, Igor"]
[Black "Melikhov, Evgeny V."]
[Result "1-0"]
[Board "72"]
[WhiteFideId "4113632"]
[BlackFideId "4122046"]
[WhiteTitle "GM"]
[BlackTitle "FM"]
[WhiteElo "2583"]
[BlackElo "2459"]
[WhiteTeam "RUS"]
[BlackTeam "GRE"]
[WhiteClock "0:00:03"]
[BlackClock "0:00:11"]
[Variant "Standard"]

1. Nf3 {[%clk 0:03:00]}  f5 {[%clk 0:02:58]} 2. c4 {[%clk 0:02:57]}  Nf6 {[%clk 0:02:57]} 3. Nc3 {[%clk 0:02:56]}  d6 {[%clk 0:02:57]} 4. d4 {[%clk 0:02:55]}  g6 {[%clk 0:02:56]} 5. g3 {[%clk 0:02:53]}  Bg7 {[%clk 0:02:56]} 6. Bg2 {[%clk 0:02:53]}  O-O {[%clk 0:02:57]} 7. O-O {[%clk 0:02:54]}  c6 {[%clk 0:02:51]} 8. d5 {[%clk 0:02:51]}  e5 {[%clk 0:02:48]} 9. dxe6 {[%clk 0:02:50]}  Bxe6 {[%clk 0:02:48]} 10. b3 {[%clk 0:02:49]}  Ne4 {[%clk 0:02:33]} 11. Nxe4 {[%clk 0:02:48]}  Bxa1 {[%clk 0:02:32]} 12. Bg5 {[%clk 0:02:44]}  Qc7 {[%clk 0:02:11]} 13. Qxd6 {[%clk 0:02:39]}  Qxd6 {[%clk 0:02:04]} 14. Nxd6 {[%clk 0:02:39]}  Bf6 {[%clk 0:02:00]} 15. Nxb7 {[%clk 0:02:37]}  Na6 {[%clk 0:01:50]} 16. Bxf6 {[%clk 0:02:26]}  Rxf6 {[%clk 0:01:49]} 17. Ne5 {[%clk 0:02:26]}  Rb8 {[%clk 0:01:18]} 18. Na5 {[%clk 0:02:21]}  c5 {[%clk 0:01:11]} 19. Nec6 {[%clk 0:02:17]}  Re8 {[%clk 0:01:05]} 20. Nxa7 {[%clk 0:02:16]}  Bd7 {[%clk 0:00:59]} 21. Rd1 {[%clk 0:02:02]}  Re7 {[%clk 0:00:54]} 22. N7c6 {[%clk 0:01:57]}  Bxc6 {[%clk 0:00:53]} 23. Nxc6 {[%clk 0:01:56]}  Rc7 {[%clk 0:00:50]} 24. Ne5 {[%clk 0:01:50]}  Nb4 {[%clk 0:00:47]} 25. a3 {[%clk 0:01:42]}  Nc2 {[%clk 0:00:47]} 26. e3 {[%clk 0:01:38]}  Nxa3 {[%clk 0:00:44]} 27. Ra1 {[%clk 0:01:31]}  Nc2 {[%clk 0:00:43]} 28. Ra8+ {[%clk 0:01:27]}  Kg7 {[%clk 0:00:43]} 29. Bd5 {[%clk 0:01:22]}  Nb4 {[%clk 0:00:42]} 30. Rg8+ {[%clk 0:01:18]}  Kh6 {[%clk 0:00:42]} 31. h4 {[%clk 0:01:14]}  Nxd5 {[%clk 0:00:39]} 32. cxd5 {[%clk 0:01:13]}  Rd6 {[%clk 0:00:39]} 33. Nc4 {[%clk 0:00:52]}  Rxd5 {[%clk 0:00:38]} 34. Rb8 {[%clk 0:00:52]}  Kg7 {[%clk 0:00:35]} 35. Kg2 {[%clk 0:00:51]}  h6 {[%clk 0:00:35]} 36. Rb6 {[%clk 0:00:48]}  Rdd7 {[%clk 0:00:32]} 37. Ne5 {[%clk 0:00:45]}  Re7 {[%clk 0:00:29]} 38. Nxg6 {[%clk 0:00:44]}  Re4 {[%clk 0:00:28]} 39. Nf4 {[%clk 0:00:41]}  Rb4 {[%clk 0:00:28]} 40. Rg6+ {[%clk 0:00:31]}  Kh7 {[%clk 0:00:28]} 41. Rf6 {[%clk 0:00:30]}  Rxb3 {[%clk 0:00:27]} 42. Rxf5 {[%clk 0:00:30]}  c4 {[%clk 0:00:27]} 43. Nd5 {[%clk 0:00:26]}  Rc8 {[%clk 0:00:25]} 44. Rf7+ {[%clk 0:00:16]}  Kg6 {[%clk 0:00:24]} 45. Ra7 {[%clk 0:00:12]}  c3 {[%clk 0:00:23]} 46. Ne7+ {[%clk 0:00:11]}  Kf6 {[%clk 0:00:22]} 47. Nxc8 {[%clk 0:00:12]}  c2 {[%clk 0:00:18]} 48. Rc7 {[%clk 0:00:12]}  Rb2 {[%clk 0:00:18]} 49. Nd6 {[%clk 0:00:11]}  Ke5 {[%clk 0:00:18]} 50. Nf7+ {[%clk 0:00:10]}  Kd5 {[%clk 0:00:18]} 51. Nxh6 {[%clk 0:00:10]}  Ke4 {[%clk 0:00:18]} 52. Ng4 {[%clk 0:00:08]}  Kd3 {[%clk 0:00:18]} 53. Ne5+ {[%clk 0:00:06]}  Ke2 {[%clk 0:00:18]} 54. Nf3 {[%clk 0:00:06]}  Kd1 {[%clk 0:00:18]} 55. g4 {[%clk 0:00:05]}  c1=Q {[%clk 0:00:17]} 56. Rxc1+ {[%clk 0:00:05]}  Kxc1 {[%clk 0:00:17]} 57. g5 {[%clk 0:00:05]}  Kd1 {[%clk 0:00:17]} 58. h5 {[%clk 0:00:06]}  Ke2 {[%clk 0:00:17]} 59. Kg3 {[%clk 0:00:05]}  Rb1 {[%clk 0:00:17]} 60. g6 {[%clk 0:00:05]}  Rh1 {[%clk 0:00:16]} 61. Nh4 {[%clk 0:00:04]}  Rg1+ {[%clk 0:00:16]} 62. Kf4 {[%clk 0:00:04]}  Kxf2 {[%clk 0:00:15]} 63. h6 {[%clk 0:00:04]}  Rh1 {[%clk 0:00:15]} 64. g7 {[%clk 0:00:03]}  Rxh4+ {[%clk 0:00:15]} 65. Kg5 {[%clk 0:00:03]}  Rh1 {[%clk 0:00:15]} 66. h7 {[%clk 0:00:04]}  Rxh7 {[%clk 0:00:14]} 67. g8=Q {[%clk 0:00:03]}  Rh2 {[%clk 0:00:15]} 68. Qf7+ {[%clk 0:00:01]}  Kxe3 {[%clk 0:00:15]} 69. Qf4+ {[%clk 0:00:02]}  Ke2 {[%clk 0:00:11]} 70. Qxh2+ {[%clk 0:00:03]} 1-0

[Event "April 9 Late 2024"]
[Site "Chess.com"]
[Date "2024.04.09"]
[Round "8"]
[White "Deviprasath, Sharvesh"]
[Black "Avila Bautista, Roberto Al"]
[Result "1-0"]
[Board "74"]
[WhiteFideId "30938228"]
[BlackFideId "5119987"]
[WhiteTitle "FM"]
[BlackTitle "CM"]
[WhiteElo "2422"]
[BlackElo "2558"]
[WhiteTeam "USA"]
[BlackTeam "MEX"]
[WhiteClock "0:00:06"]
[BlackClock "0:00:02"]
[Variant "Standard"]

1. e4 {[%clk 0:03:00]}  c5 {[%clk 0:02:59]} 2. Nf3 {[%clk 0:03:01]}  g6 {[%clk 0:02:59]} 3. d4 {[%clk 0:02:59]}  cxd4 {[%clk 0:03:00]} 4. c3 {[%clk 0:03:00]}  d3 {[%clk 0:03:00]} 5. Bxd3 {[%clk 0:03:00]}  Nc6 {[%clk 0:03:00]} 6. Bc4 {[%clk 0:03:00]}  Bg7 {[%clk 0:02:58]} 7. e5 {[%clk 0:03:01]}  f6 {[%clk 0:02:55]} 8. exf6 {[%clk 0:02:49]}  Nxf6 {[%clk 0:02:56]} 9. Bg5 {[%clk 0:02:42]}  e6 {[%clk 0:02:44]} 10. O-O {[%clk 0:02:19]}  d5 {[%clk 0:02:40]} 11. Bb3 {[%clk 0:02:19]}  O-O {[%clk 0:02:38]} 12. Na3 {[%clk 0:02:16]}  a6 {[%clk 0:02:37]} 13. c4 {[%clk 0:02:14]}  d4 {[%clk 0:02:31]} 14. Re1 {[%clk 0:02:05]}  Kh8 {[%clk 0:02:24]} 15. c5 {[%clk 0:02:02]}  Qa5 {[%clk 0:02:10]} 16. Rc1 {[%clk 0:01:57]}  e5 {[%clk 0:01:37]} 17. Nc4 {[%clk 0:01:45]}  Qc7 {[%clk 0:01:30]} 18. Ncxe5 {[%clk 0:01:35]}  Nxe5 {[%clk 0:01:30]} 19. Nxe5 {[%clk 0:01:35]}  Bf5 {[%clk 0:01:23]} 20. Bf4 {[%clk 0:01:20]}  Qa5 {[%clk 0:00:45]} 21. Qxd4 {[%clk 0:00:59]}  Rad8 {[%clk 0:00:39]} 22. Qe3 {[%clk 0:00:42]}  Nd5 {[%clk 0:00:34]} 23. Bxd5 {[%clk 0:00:39]}  Rxd5 {[%clk 0:00:35]} 24. a3 {[%clk 0:00:26]}  g5 {[%clk 0:00:09]} 25. Bg3 {[%clk 0:00:23]}  h6 {[%clk 0:00:07]} 26. b4 {[%clk 0:00:20]}  Qd8 {[%clk 0:00:06]} 27. Nf3 {[%clk 0:00:17]}  Bg6 {[%clk 0:00:05]} 28. Qe7 {[%clk 0:00:15]}  Qc8 {[%clk 0:00:04]} 29. h3 {[%clk 0:00:13]}  Kh7 {[%clk 0:00:04]} 30. Rcd1 {[%clk 0:00:12]}  Rxd1 {[%clk 0:00:03]} 31. Rxd1 {[%clk 0:00:12]}  Rf7 {[%clk 0:00:04]} 32. Qd8 {[%clk 0:00:11]}  Qc6 {[%clk 0:00:04]} 33. Ne5 {[%clk 0:00:09]}  Bxe5 {[%clk 0:00:03]} 34. Bxe5 {[%clk 0:00:09]}  Be4 {[%clk 0:00:01]} 35. Qh8+ {[%clk 0:00:07]}  Kg6 {[%clk 0:00:02]} 36. Rd6+ {[%clk 0:00:07]}  Qxd6 {[%clk 0:00:02]} 37. Bxd6 {[%clk 0:00:08]}  Rf5 {[%clk 0:00:02]} 38. Qg8+ {[%clk 0:00:07]}  Kf6 {[%clk 0:00:03]} 39. g4 {[%clk 0:00:07]}  Rf3 {[%clk 0:00:03]} 40. Bg3 {[%clk 0:00:06]}  Rd3 {[%clk 0:00:02]} 41. Qf8+ {[%clk 0:00:06]}  Ke6 {[%clk 0:00:03]} 42. Qe8+ {[%clk 0:00:06]}  Kd5 {[%clk 0:00:04]} 43. Qe5+ {[%clk 0:00:06]}  Kc4 {[%clk 0:00:03]} 44. Qxe4+ {[%clk 0:00:06]}  Rd4 {[%clk 0:00:04]} 45. Qxb7 {[%clk 0:00:06]}  Kb3 {[%clk 0:00:04]} 46. c6 {[%clk 0:00:06]}  Kxa3 {[%clk 0:00:05]} 47. c7 {[%clk 0:00:07]}  Rxb4 {[%clk 0:00:02]} 48. Qxb4+ {[%clk 0:00:06]} 1-0

[Event "April 9 Late 2024"]
[Site "Chess.com"]
[Date "2024.04.09"]
[Round "8"]
[White "Merino Garcia, Rafael II"]
[Black "Senthilkumar, Pranav"]
[Result "0-1"]
[Board "76"]
[WhiteFideId "2209128"]
[BlackFideId "2083477"]
[WhiteTitle "FM"]
[BlackTitle "CM"]
[WhiteElo "2408"]
[BlackElo "2530"]
[WhiteTeam "ESP"]
[BlackTeam "USA"]
[WhiteClock "0:00:19"]
[BlackClock "0:00:22"]
[Variant "Standard"]

1. d4 {[%clk 0:02:53]}  Nf6 {[%clk 0:02:54]} 2. Nf3 {[%clk 0:02:53]}  c5 {[%clk 0:02:53]} 3. d5 {[%clk 0:02:52]}  d6 {[%clk 0:02:50]} 4. Nc3 {[%clk 0:02:50]}  g6 {[%clk 0:02:44]} 5. e4 {[%clk 0:02:50]}  Bg7 {[%clk 0:02:41]} 6. h3 {[%clk 0:02:49]}  O-O {[%clk 0:02:42]} 7. a4 {[%clk 0:02:46]}  Nfd7 {[%clk 0:02:38]} 8. Bc4 {[%clk 0:02:43]}  Ne5 {[%clk 0:02:36]} 9. Nxe5 {[%clk 0:02:41]}  Bxe5 {[%clk 0:02:37]} 10. Bh6 {[%clk 0:02:40]}  Bg7 {[%clk 0:02:30]} 11. Bxg7 {[%clk 0:02:37]}  Kxg7 {[%clk 0:02:28]} 12. O-O {[%clk 0:02:38]}  Nd7 {[%clk 0:02:26]} 13. f4 {[%clk 0:02:38]}  Rb8 {[%clk 0:02:25]} 14. Qd3 {[%clk 0:02:36]}  a6 {[%clk 0:02:25]} 15. Rae1 {[%clk 0:02:36]}  Qc7 {[%clk 0:02:20]} 16. e5 {[%clk 0:02:27]}  dxe5 {[%clk 0:02:19]} 17. fxe5 {[%clk 0:02:27]}  Nxe5 {[%clk 0:02:15]} 18. Qg3 {[%clk 0:02:27]}  f6 {[%clk 0:02:14]} 19. Ne4 {[%clk 0:02:07]}  Bd7 {[%clk 0:02:10]} 20. Ng5 {[%clk 0:01:34]}  h6 {[%clk 0:02:03]} 21. Ne4 {[%clk 0:01:27]}  Bxa4 {[%clk 0:01:55]} 22. Bd3 {[%clk 0:01:11]}  c4 {[%clk 0:01:37]} 23. Nxf6 {[%clk 0:01:07]}  exf6 {[%clk 0:00:43]} 24. Rxe5 {[%clk 0:01:05]}  cxd3 {[%clk 0:00:39]} 25. d6 {[%clk 0:00:28]}  Qb6+ {[%clk 0:00:33]} 26. Kh2 {[%clk 0:00:26]}  Qxd6 {[%clk 0:00:22]} 27. cxd3 {[%clk 0:00:19]}  Qxe5 {[%clk 0:00:22]} 0-1

[Event "April 9 Late 2024"]
[Site "Chess.com"]
[Date "2024.04.10"]
[Round "8"]
[White "Bynum, Jacorey"]
[Black "Tristan, Leonardo"]
[Result "0-1"]
[Board "79"]
[WhiteFideId "39927644"]
[BlackFideId "113816"]
[BlackTitle "GM"]
[WhiteElo "2416"]
[BlackElo "2735"]
[WhiteTeam "USA"]
[BlackTeam "ARG"]
[WhiteClock "0:01:26"]
[BlackClock "0:02:08"]
[Variant "Standard"]

1. e4 {[%clk 0:03:00]}  d5 {[%clk 0:03:00]} 2. exd5 {[%clk 0:02:54]}  Qxd5 {[%clk 0:03:01]} 3. Nc3 {[%clk 0:02:54]}  Qa5 {[%clk 0:03:01]} 4. h3 {[%clk 0:02:50]}  Nf6 {[%clk 0:03:01]} 5. Qf3 {[%clk 0:02:49]}  Nc6 {[%clk 0:02:59]} 6. Nge2 {[%clk 0:02:48]}  Qf5 {[%clk 0:02:56]} 7. Qxf5 {[%clk 0:02:47]}  Bxf5 {[%clk 0:02:57]} 8. d3 {[%clk 0:02:47]}  O-O-O {[%clk 0:02:57]} 9. Ng3 {[%clk 0:02:44]}  Bg6 {[%clk 0:02:56]} 10. Be3 {[%clk 0:02:44]}  e5 {[%clk 0:02:55]} 11. O-O-O {[%clk 0:02:44]}  Nd5 {[%clk 0:02:49]} 12. Nxd5 {[%clk 0:02:43]}  Rxd5 {[%clk 0:02:50]} 13. Be2 {[%clk 0:02:43]}  f5 {[%clk 0:02:45]} 14. f4 {[%clk 0:02:22]}  Bd6 {[%clk 0:02:40]} 15. Rhf1 {[%clk 0:02:20]}  Re8 {[%clk 0:02:38]} 16. fxe5 {[%clk 0:01:58]}  Bxe5 {[%clk 0:02:34]} 17. Bf4 {[%clk 0:01:58]}  Nd4 {[%clk 0:02:30]} 18. Bh5 {[%clk 0:01:38]}  Bxf4+ {[%clk 0:02:19]} 19. Rxf4 {[%clk 0:01:36]}  Bxh5 {[%clk 0:02:18]} 20. Rxd4 {[%clk 0:01:29]}  Rxd4 {[%clk 0:02:16]} 21. Nxh5 {[%clk 0:01:29]}  g6 {[%clk 0:02:10]} 22. Ng3 {[%clk 0:01:28]}  Rf4 {[%clk 0:02:09]} 23. Rd2 {[%clk 0:01:26]}  Re1+ {[%clk 0:02:08]} 0-1

[Event "April 9 Late 2024"]
[Site "Chess.com"]
[Date "2024.04.10"]
[Round "8"]
[White "Kolb, Tobias"]
[Black "Tang, Zoey"]
[Result "1-0"]
[Board "81"]
[WhiteFideId "12992321"]
[BlackFideId "30952530"]
[WhiteTitle "FM"]
[BlackTitle "FM"]
[WhiteElo "2615"]
[BlackElo "2410"]
[WhiteTeam "GER"]
[BlackTeam "USA"]
[WhiteClock "0:00:50"]
[BlackClock "0:00:43"]
[Variant "Standard"]

1. e4 {[%clk 0:02:56]}  c5 {[%clk 0:02:59]} 2. Nc3 {[%clk 0:02:56]}  d6 {[%clk 0:02:59]} 3. g3 {[%clk 0:02:56]}  Nf6 {[%clk 0:02:59]} 4. Bg2 {[%clk 0:02:57]}  g6 {[%clk 0:02:59]} 5. d3 {[%clk 0:02:58]}  Bg7 {[%clk 0:03:00]} 6. h3 {[%clk 0:02:59]}  O-O {[%clk 0:02:59]} 7. Be3 {[%clk 0:02:59]}  Nc6 {[%clk 0:02:57]} 8. Qd2 {[%clk 0:02:59]}  a6 {[%clk 0:02:55]} 9. Bh6 {[%clk 0:02:59]}  b5 {[%clk 0:02:54]} 10. Bxg7 {[%clk 0:02:59]}  Kxg7 {[%clk 0:02:55]} 11. f4 {[%clk 0:02:59]}  b4 {[%clk 0:02:55]} 12. Nce2 {[%clk 0:02:58]}  a5 {[%clk 0:02:51]} 13. e5 {[%clk 0:02:58]}  dxe5 {[%clk 0:02:37]} 14. Bxc6 {[%clk 0:02:58]}  Rb8 {[%clk 0:02:38]} 15. fxe5 {[%clk 0:02:58]}  Nd7 {[%clk 0:02:37]} 16. Nf3 {[%clk 0:02:58]}  Qc7 {[%clk 0:02:37]} 17. Bxd7 {[%clk 0:02:56]}  Bxd7 {[%clk 0:02:37]} 18. Qf4 {[%clk 0:02:49]}  Bc6 {[%clk 0:02:36]} 19. O-O {[%clk 0:02:47]}  Rbd8 {[%clk 0:02:34]} 20. e6 {[%clk 0:02:33]}  Qxf4 {[%clk 0:02:29]} 21. Nxf4 {[%clk 0:02:33]}  f6 {[%clk 0:02:29]} 22. a3 {[%clk 0:02:29]}  Ra8 {[%clk 0:02:23]} 23. Nd2 {[%clk 0:02:24]}  a4 {[%clk 0:02:19]} 24. Nc4 {[%clk 0:02:13]}  Rfb8 {[%clk 0:02:15]} 25. axb4 {[%clk 0:02:10]}  cxb4 {[%clk 0:02:16]} 26. Ne2 {[%clk 0:02:10]}  Bd5 {[%clk 0:02:12]} 27. Nd4 {[%clk 0:02:05]}  Ra6 {[%clk 0:02:12]} 28. Rfe1 {[%clk 0:01:59]}  f5 {[%clk 0:02:05]} 29. c3 {[%clk 0:01:50]}  bxc3 {[%clk 0:02:00]} 30. bxc3 {[%clk 0:01:51]}  Kf6 {[%clk 0:02:00]} 31. Ra3 {[%clk 0:01:42]}  Rc8 {[%clk 0:01:54]} 32. Ne3 {[%clk 0:01:34]}  Bxe6 {[%clk 0:01:48]} 33. Nxe6 {[%clk 0:01:34]}  Kxe6 {[%clk 0:01:45]} 34. c4 {[%clk 0:01:28]}  Kf7 {[%clk 0:01:39]} 35. Nd5 {[%clk 0:01:28]}  e6 {[%clk 0:01:36]} 36. Nc3 {[%clk 0:01:29]}  Rd8 {[%clk 0:01:25]} 37. Rd1 {[%clk 0:01:20]}  Kf6 {[%clk 0:01:17]} 38. Rxa4 {[%clk 0:01:18]}  Rxa4 {[%clk 0:01:16]} 39. Nxa4 {[%clk 0:01:18]}  Ke5 {[%clk 0:01:17]} 40. Nc5 {[%clk 0:01:03]}  Rd6 {[%clk 0:01:01]} 41. d4+ {[%clk 0:00:56]}  Kf6 {[%clk 0:00:52]} 42. Nb3 {[%clk 0:00:53]}  e5 {[%clk 0:00:46]} 43. dxe5+ {[%clk 0:00:52]}  Kxe5 {[%clk 0:00:44]} 44. Rxd6 {[%clk 0:00:53]}  Kxd6 {[%clk 0:00:45]} 45. Kf2 {[%clk 0:00:53]}  Kc6 {[%clk 0:00:46]} 46. Ke3 {[%clk 0:00:54]}  g5 {[%clk 0:00:46]} 47. Kd4 {[%clk 0:00:52]}  h6 {[%clk 0:00:47]} 48. Ke5 {[%clk 0:00:52]}  g4 {[%clk 0:00:43]} 49. h4 {[%clk 0:00:50]} 1-0

[Event "April 9 Late 2024"]
[Site "Chess.com"]
[Date "2024.04.09"]
[Round "8"]
[White "Novak, Ratko"]
[Black "Silva, Luca"]
[Result "1/2-1/2"]
[Board "84"]
[WhiteFideId "14511827"]
[BlackFideId "147370"]
[WhiteTitle "CM"]
[BlackTitle "FM"]
[WhiteElo "2402"]
[BlackElo "2509"]
[WhiteTeam "CRO"]
[BlackTeam "ARG"]
[WhiteClock "0:00:05"]
[BlackClock "0:00:14"]
[Variant "Standard"]

1. d4 {[%clk 0:03:00]}  d5 {[%clk 0:02:55]} 2. c4 {[%clk 0:03:00]}  dxc4 {[%clk 0:02:56]} 3. e4 {[%clk 0:02:59]}  c5 {[%clk 0:02:53]} 4. d5 {[%clk 0:02:59]}  Nf6 {[%clk 0:02:43]} 5. Nc3 {[%clk 0:02:58]}  e6 {[%clk 0:02:40]} 6. Bxc4 {[%clk 0:02:56]}  exd5 {[%clk 0:02:39]} 7. exd5 {[%clk 0:02:56]}  Bd6 {[%clk 0:02:37]} 8. Qe2+ {[%clk 0:02:54]}  Qe7 {[%clk 0:02:37]} 9. Nb5 {[%clk 0:02:51]}  Qxe2+ {[%clk 0:02:30]} 10. Nxe2 {[%clk 0:02:47]}  Kd7 {[%clk 0:02:30]} 11. Nxd6 {[%clk 0:02:41]}  Kxd6 {[%clk 0:02:31]} 12. Bf4+ {[%clk 0:02:42]}  Kd7 {[%clk 0:02:29]} 13. Bb5+ {[%clk 0:02:41]}  Kd8 {[%clk 0:02:29]} 14. Nc3 {[%clk 0:02:39]}  Re8+ {[%clk 0:02:28]} 15. Bxe8 {[%clk 0:02:38]}  Nxe8 {[%clk 0:02:22]} 16. O-O-O {[%clk 0:02:36]}  Na6 {[%clk 0:01:40]} 17. f3 {[%clk 0:02:29]}  Nb4 {[%clk 0:01:40]} 18. a3 {[%clk 0:02:27]}  Na6 {[%clk 0:01:40]} 19. g4 {[%clk 0:02:27]}  Bd7 {[%clk 0:01:36]} 20. Rhe1 {[%clk 0:02:26]}  b5 {[%clk 0:01:34]} 21. Ne4 {[%clk 0:02:23]}  h6 {[%clk 0:01:32]} 22. h4 {[%clk 0:02:16]}  c4 {[%clk 0:01:31]} 23. g5 {[%clk 0:02:15]}  h5 {[%clk 0:01:29]} 24. Nd6 {[%clk 0:02:00]}  Nxd6 {[%clk 0:01:29]} 25. Bxd6 {[%clk 0:02:00]}  Nc7 {[%clk 0:01:23]} 26. Re7 {[%clk 0:01:56]}  Ne8 {[%clk 0:01:21]} 27. Bc5 {[%clk 0:00:56]}  Rc8 {[%clk 0:01:20]} 28. Bb4 {[%clk 0:00:46]}  a5 {[%clk 0:01:21]} 29. Rxd7+ {[%clk 0:00:42]}  Kxd7 {[%clk 0:01:20]} 30. Bxa5 {[%clk 0:00:43]}  Nd6 {[%clk 0:01:18]} 31. Re1 {[%clk 0:00:41]}  Nf5 {[%clk 0:01:12]} 32. Bb4 {[%clk 0:00:38]}  g6 {[%clk 0:01:12]} 33. Kd2 {[%clk 0:00:31]}  Rb8 {[%clk 0:01:12]} 34. Kc3 {[%clk 0:00:30]}  Rc8 {[%clk 0:01:12]} 35. Re4 {[%clk 0:00:24]}  Rb8 {[%clk 0:01:12]} 36. a4 {[%clk 0:00:22]}  bxa4 {[%clk 0:01:10]} 37. Kxc4 {[%clk 0:00:22]}  Rc8+ {[%clk 0:01:08]} 38. Kb5 {[%clk 0:00:22]}  Rc2 {[%clk 0:01:06]} 39. Ba3 {[%clk 0:00:21]}  Nd6+ {[%clk 0:01:01]} 40. Bxd6 {[%clk 0:00:20]}  Kxd6 {[%clk 0:01:02]} 41. Rb4 {[%clk 0:00:14]}  Rf2 {[%clk 0:00:59]} 42. Kxa4 {[%clk 0:00:14]}  Rxf3 {[%clk 0:00:57]} 43. Kb5 {[%clk 0:00:11]}  Kxd5 {[%clk 0:00:56]} 44. Ra4 {[%clk 0:00:05]}  Rb3+ {[%clk 0:00:56]} 45. Rb4 {[%clk 0:00:05]}  Rh3 {[%clk 0:00:56]} 46. Ka5 {[%clk 0:00:05]}  Kc5 {[%clk 0:00:52]} 47. Rf4 {[%clk 0:00:03]}  Rh1 {[%clk 0:00:41]} 48. b4+ {[%clk 0:00:02]}  Kc6 {[%clk 0:00:39]} 49. Rc4+ {[%clk 0:00:02]}  Kd5 {[%clk 0:00:39]} 50. Rf4 {[%clk 0:00:02]}  Rh3 {[%clk 0:00:36]} 51. Kb6 {[%clk 0:00:01]}  Ke5 {[%clk 0:00:34]} 52. Rxf7 {[%clk 0:00:01]}  Rxh4 {[%clk 0:00:33]} 53. b5 {[%clk 0:00:01]}  Rh1 {[%clk 0:00:32]} 54. Rf6 {[%clk 0:00:01]}  h4 {[%clk 0:00:31]} 55. Rxg6 {[%clk 0:00:01]}  Kf5 {[%clk 0:00:30]} 56. Rg8 {[%clk 0:00:02]}  h3 {[%clk 0:00:29]} 57. g6 {[%clk 0:00:01]}  Rh2 {[%clk 0:00:19]} 58. g7 {[%clk 0:00:01]}  Kf6 {[%clk 0:00:19]} 59. Kb7 {[%clk 0:00:01]}  Rb2 {[%clk 0:00:17]} 60. b6 {[%clk 0:00:01]}  h2 {[%clk 0:00:15]} 61. Rh8 {[%clk 0:00:01]}  Kxg7 {[%clk 0:00:15]} 62. Rxh2 {[%clk 0:00:01]}  Rxh2 {[%clk 0:00:14]} 63. Kc7 {[%clk 0:00:02]}  Rc2+ {[%clk 0:00:14]} 64. Kd7 {[%clk 0:00:03]}  Rd2+ {[%clk 0:00:14]} 65. Kc7 {[%clk 0:00:03]}  Kf7 {[%clk 0:00:13]} 66. b7 {[%clk 0:00:03]}  Rc2+ {[%clk 0:00:14]} 67. Kd7 {[%clk 0:00:04]}  Rd2+ {[%clk 0:00:13]} 68. Kc7 {[%clk 0:00:04]}  Ke7 {[%clk 0:00:13]} 69. b8=Q {[%clk 0:00:04]}  Rc2+ {[%clk 0:00:13]} 70. Kb7 {[%clk 0:00:03]}  Rb2+ {[%clk 0:00:13]} 71. Kc7 {[%clk 0:00:04]}  Rc2+ {[%clk 0:00:13]} 72. Kb7 {[%clk 0:00:04]}  Rb2+ {[%clk 0:00:13]} 73. Kc7 {[%clk 0:00:05]}  Rc2+ {[%clk 0:00:14]} 1/2-1/2